书目信息 |
| 题名: |
奢侈的!
|
|
| 作者: | 托马斯 著 ;李孟苏 , 崔薇 译 | |
| 分册: | ||
| 出版信息: | 重庆 重庆大学出版社 2011.12 |
|
| 页数: | 443页 | |
| 开本: | 21cm | |
| 丛书名: | ||
| 单 册: | ||
| 中图分类: | F76 | |
| 科图分类: | ||
| 主题词: | 消费品--名牌--研究 , 消费品 , 名牌 | |
| 电子资源: | ||
| ISBN: | 978-7-5624-6354-2 | |
| 000 | 00943nam0 2200301 450 | |
| 001 | 010050028544 | |
| 005 | 20130609083154.82 | |
| 010 | @a978-7-5624-6354-2@dCNY45.00 | |
| 035 | @a005600487 | |
| 100 | @a20120209d2011 em y0chiy0110 ea | |
| 101 | 1 | @achi@ceng |
| 102 | @aCN@b500000 | |
| 105 | @aa z 000yy | |
| 106 | @ar | |
| 200 | 1 | @a奢侈的!@9she chi de !@dDeluxe@f(美)黛娜·托马斯著@g李孟苏,崔薇译@zeng |
| 210 | @a重庆@c重庆大学出版社@d2011.12 | |
| 215 | @a443页@c照片@d21cm | |
| 330 | @a本书是一部深度剖析时尚界黑幕的纪实类时尚读物,系统地介绍了奢侈品牌的发家史,颠覆了奢侈品牌从前在大众心目中的形象。 | |
| 510 | 1 | @aDeluxe@zeng |
| 606 | 0 | @a消费品@x名牌@x研究 |
| 606 | 0 | @a消费品 |
| 606 | 0 | @a名牌 |
| 690 | @aF76@v5 | |
| 701 | 0 | @c(美)@a托马斯@9tuo ma si@c(女,Thomas, Dana)@4著 |
| 702 | 0 | @a李孟苏@9li meng su@c(女)@4译 |
| 702 | 0 | @a崔薇@9cui wei@c(翻译)@4译 |
| 801 | 0 | @aCN@bNLC@c20120626 |
| 905 | @dF76@e34 | |
| 奢侈的!=Deluxe/(美)黛娜·托马斯著/李孟苏,崔薇译.-重庆:重庆大学出版社,2011.12 |
| 443页:照片;21cm |
| ISBN 978-7-5624-6354-2:CNY45.00 |
| 本书是一部深度剖析时尚界黑幕的纪实类时尚读物,系统地介绍了奢侈品牌的发家史,颠覆了奢侈品牌从前在大众心目中的形象。 |
| ● |
| 相关链接 |
|
|
|
|
正题名:奢侈的!
索取号:F76/34
 
预约/预借
| 序号 | 登录号 | 条形码 | 馆藏地/架位号 | 状态 | 备注 |
| 1 | 0545558 | 205455586 | 第一样本阅览室/ [索取号:F76/34] | 在馆 | |
| 2 | 0545559 | 205455595 | 第一借阅区/ [索取号:F76/34] | 在馆 | |
| 3 | 0545560 | 205455602 | 第一借阅区/ [索取号:F76/34] | 在馆 | |
| 4 | 0545561 | 205455611 | 第一借阅区/ [索取号:F76/34] | 在馆 | |
| 5 | 0545562 | 205455620 | 第一借阅区/ [索取号:F76/34] | 在馆 |